| 000 | 00755nam a2200265 a 4500 | ||
|---|---|---|---|
| 001 | 000023776 | ||
| 003 | 000023776 | ||
| 005 | 20171002094924.0 | ||
| 008 | 110113s2007 dr a 000 j spa d | ||
| 020 | _a9993402753 | ||
| 040 |
_aBPMSU _bspa _cBPMSU |
||
| 049 | _a | ||
| 082 | 4 |
_aRD863.44 _bS787d, 2007 |
|
| 100 | 1 |
_aStanley, Avelino, _d1959- |
|
| 245 | 1 | 4 |
_aLos disparos : _bcuentos / _cAvelino Stanley. |
| 250 | _a5a ed. | ||
| 260 |
_aSanto Domingo : _bCocolo Editorial, _c2007. |
||
| 300 |
_a98 p. : _bil., _c23 cm. |
||
| 650 | 4 | _aCUENTOS DOMINICANOS | |
| 650 | 4 | _aLITERATURA DOMINICANA | |
| 910 | _aValidado. Control de calidad BNPHU. | ||
| 942 |
_2ddc _cBK |
||
| 945 | _aInventariado / 2017 VM | ||
| 956 |
_aVMATEO _b10 _c20150922 _lBPMSU _h0069 |
||
| 999 |
_c7188 _d7188 |
||